MDQL
is popping MORE tags! Check the
thread
!
Quizzes
Events
Quiz Creation
Community
Videos
Private Events
Remove Ads
Sign In
Join for FREE
Feedback
Dark Mode
Quiz Categories
Sports
Geography
Music
Movies
Television
Just For Fun
Miscellaneous
History
Literature
Language
Science
Gaming
Entertainment
Religion
Holiday
For Kids
Quiz Lab
Recent
Popular Today
Quiz Kudos Today
Editor Picks
Curator Picks
Quizzes by...
Day
Popularity
Type
Ratings
Length
Year
Community
Subscriptions
Recent Discussions
Orange Saloon
Badges
Playlists
Quests
Create
Leaderboards
Showdown
Live 5
Trivia Bingo
Activity
Puzzle Library
Sporcle Events
Private Events
Virtual Trivia
Globe League
Become a Host
Pub Owners
SporcleCon
Opinionation
Our Games
Videos
Blog
Mobile Apps
Partnerships
Remove Ads and Go Orange
Feedback
Music
Pop Music
The Beatles
Song
Album
Lyrics
Bands
Singers
Artist
Clip
Rock
Rap
Classical
Billboard
Country Music
Kpop
Taylor Swift
Music
Pop Music
The Beatles
Song
Album
Lyrics
Bands
Singers
Artist
Clip
Rock
Rap
Classical
Billboard
Country Music
Kpop
Taylor Swift
Random Quiz
Search Sporcle
×
Editor Pick
Editor Pick
Music
Popular
Type in answers that appear in a list
Type in answers that appear in a list
Classic
Best Score? Go Orange.
Christmas Songs by Lyric Stats
Can you name the Christmas songs from the given lyrics?
By
kgt08a
8m
44 Questions
1,264 Plays
1,264 Plays
1,264 Plays
Comments
Comments
Give Quiz Kudos
Give Quiz Kudos
-
- Ratings
hide this ad
Replay
Link that replays current quiz
Next Quiz
Link to next quiz in quiz playlist
You Got
0%
They Got
Avg Score
34%
Avg Friend Score
Upgrade to see
Score Distribution
Jump to the score distribution portion of the page
Score
0/44
Timer
08:00
0
Plays Today
Lyrics
Song
% Correct
'You better watch out you better not cry.'
Santa Claus is Coming to Town
83.3%
'Dashing through the snow.'
Jingle Bells
79%
'I'll be so blue thinking about you.'
Blue Christmas
65.6%
'Where the treetops glisten and children listen to hear sleigh bells in the snow '
White Christmas
65.2%
'A new born King to see, pa rum pum pum pum.'
Little Drummer Boy
63.9%
'With a corncob pipe and a button nose and two eyes made out of coal.'
Frosty the Snowman
62.7%
'And if you ever saw it, you could even say it glows.'
Rudolph, the Red Nosed Reindeer
61.1%
'Round yon Virgin Mother and Child Holy Infant so tender and mild.'
Silent Night
61%
'Sleigh bells ring are you listening'
Winter Wonderland
60.9%
'Snowing and blowing up bushels of fun now the jingle hop has begun.'
Jingle Bell Rock
57.5%
'Jack Frost nipping at your nose.'
The Christmas Song
56.3%
'Prospero Ano Y Felicidad.'
Feliz Navidad
55.9%
'She didn't see me creep down the stairs to have a peep.'
I Saw Mommy Kissing Santa Claus
54.1%
'Once bitten and twice shy I keep my distance but you still catch my eye'
Last Christmas
54%
'Twelve drummers drumming.'
The Twelve Days of Christmas
53.3%
'These two teeth are gone as you can see.'
All I Want for Christmas is My Two Front Teeth
52.1%
'From now on our troubles will be out of sight.'
Have Yourself A Merry Little Christmas
49.4%
'I don't know if there'll be snow but have a cup of cheer'
A Holly Jolly Christmas
41.7%
'There were hoof prints on her forehead.'
Grandma Got Run Over by a Reindeer
41.1%
'Good tidings to you, and all of your kin.'
We Wish You a Merry Christmas
40.6%
'It's Christmas time in the city.'
Silver Bells
40.4%
'Glory to the newborn king.'
Hark the Herald Angels Sing
39.9%
Lyrics
Song
% Correct
'The stars in the sky looked down where he lay'
Away In A Manger
39.8%
'Was to certain poor shepherds in fields as the lay.'
First Noel
30.6%
'Bells are ringing, children singing; All is merry and bright.'
Here Comes Santa Claus
27.6%
'Down thru the chimney with lots of toys all for the little ones Christmas joys'
Up on the Housetop
23%
'Haste, haste to bring him laud, The Babe, the Son of Mary!'
What Child is This
18.7%
'This Child that you delivered will soon deliver you.'
Mary Did You Know
18.1%
'O sing, all ye blissful ones of heav'n above.'
O Come All Ye Faithful
17.9%
'I just need to catch my breath, Christmas by myself this year.'
Christmas Wrapping
16.8%
'Merry Christmas darling we're apart that's true'
Merry Christmas Darling
15.2%
'Olden times and ancient rhymes and love and dreams to share.'
Christmas Time
10.2%
'Someday at Christmas men won't be boys playing with bombs like kids play with toys.'
Some Day At Christmas
9.3%
'When it seems the magic slipped away... We find it all again on Christmas Day.'
Believe
8.4%
'The Allied command ignored all of its men and called on Snoopy to do it again.'
Snoopy's Christmas
7%
'I have no friends to wish me greetings once again.'
Please Come Home for Christmas
5.6%
'When I was small I believed in Santa Claus, though i knew it was my dad.'
Father Christmas
5.6%
'Christmas Day is here and so are we.'
Christmas Day
4%
'I don't want a lot for Christmas there's just one thing I need'
You're All I Want for Christmas
3.5%
'It's not the way I had him pictured Santa was much too thin.'
Santa Looked a Lot Like Daddy
3%
'light the lights, ring the chimes come on in its party time.'
Another Rock and Roll Christmas
2.7%
'Well look here Jack there's something down the track.'
Boogie Woogie Santa Claus
2.1%
'Oh, the Christmas chimes are ringing in the tower.'
Christmas in My Hometown
1.3%
'Angels sung e'er with mirth and glee.'
In Excelsis Gloria
1%
Quiz Playlist
Details
Report
Send in Message
Add To Playlist
Classic:
Type in answers that appear in a list
Last Updated: Oct 6, 2022
Editor Pick in
Music
Quiz Scoreboard
CHALLENGE
Sign Up to Join the Scoreboard
Show All
Scores
Hide
Comments
May contain spoilers
Recently Published
1-10 Letter E Words III
by El_Dandy
Language
2m
Street Fighter Characters
by Artimus82
Gaming
60s
College Basketball Coaching Resumes
by pancakes188
Sports
9m
More to Explore
Quiz From the Vault
Featured Blog Post
Where Did the Easter Bunny Come From?
hide this ad
You Might Also Like...
Tags
Christmas Quiz
Popular Quiz
Religious Holiday Quiz
Song Quiz
Writer
Today's Top Quizzes in Music
Browse Music
hide this ad
Today's Top Quizzes in Popular
Browse Popular
Top Contributed Quizzes in Music
1
Taylor Swift All Songs (2024)
2
Taylor Swift Logic Puzzle
3
Guess the Artist- 70s Songs
4
7-to-1: Billboard Hot 100 #1 Hits of 2010s
5
Sorting Albums and Songs
6
Billboard Blitz: Aretha Franklin
7
KPOP LOGIC QUIZ
8
Guess the Taylor Swift song (Mystery Song)
9
Guess The Taylor Swift Lyrics Song #1
10
Billboard Blitz: ABBA
Explore More
Trending Topics
Harry Potter
Crossword
Kpop
Disney
Anime
Marvel
NBA
Puzzle
NFL
Soccer
WWE
Pokémon
Song
The Office
Country
hide this ad
More By:
kgt08a
Quiz
Plays
Rating
Category
Featured
Created
Christmas Songs by Lyric
1,264
4.25
Music
Nov 5, 2010
Restaurant Slogans
571
5.00
Miscellaneous
Nov 3, 2010
Can You Name all the Clothing Companies
55
1.00
Miscellaneous
Nov 4, 2010
Greek 101a
12
Language
Oct 27, 2010
Go to Creator's Profile
Score Distribution
Quiz Creator Spotlight
kgt08a
Follow
Send a Message
Quizzes Created
-
Created Quiz Play Count
-
More By This Creator
Popular Quizzes Today
1
Find the US States - No Outlines Minefield
2
Find the Countries of Europe - No Outlines Minefield
3
The Countries of the World
4
Find the US States
5
Risky Map Clicking: Biggest States A-Z
6
US States
7
Popular People in 1961
8
Movies - When Are They Set?
More Music Quizzes
90's Pop Artist Crossword
Curator's Pick
Trending Quizzes
Risky Map Clicking: Least Populous States A-Z
Billboard Blitz: Aretha Franklin
Famous Russians: Author or Composer?
1-10 Letter G Words
Countries of the World: 200 Million BC
Recently Updated
Leaping Animals
pecheneg
Reality TV Shows (A-Z)
bhenderson79
Rickey Henderson's Hall of Fame Teammates
pecheneg
Champions League XIs: Arsenal
pecheneg
Quick Pick: Celebrities in WWE's Hall of Fame
aduchscher
A-Z Keypad Blitz II
pecheneg
Multiple Oscar Actors
pecheneg
Mystery Phrase Blitz: Oscar 'Best Actors'
pecheneg
F. Scott Fitzgerald Novels
LTH
Pick 3 Villains
ddd62291
Trending Topics
Harry Potter
NBA
Crossword
Anime
Disney
Marvel
Kpop
Song
Country
Puzzle
NFL
Pokémon
Soccer
The Office
WWE
Your Account Isn't Verified!
In order to create a playlist on Sporcle, you need to verify the email address you used during registration. Go to your
Sporcle Settings
to finish the process.
Report this User
Report this user for behavior that violates our
Community Guidelines
.
Details:
Send Report
Go to the Sporcle.com Mobile Site →
Comments